Encyclopedia Of Indian Philosophies (Record no. 6962)

MARC details
000 -LEADER
fixed length control field 00297nam a2200121Ia 4500
008 - FIXED-LENGTH DATA ELEMENTS--GENERAL INFORMATION
fixed length control field 211105s9999 xx 000 0 und d
020 ## - INTERNATIONAL STANDARD BOOK NUMBER
International Standard Book Number VYASA03855
100 ## - MAIN ENTRY--PERSONAL NAME
Personal name Potter Karl H
245 #0 - TITLE STATEMENT
Title Encyclopedia Of Indian Philosophies
250 ## - EDITION STATEMENT
Edition statement \N
260 ## - PUBLICATION, DISTRIBUTION, ETC.
Name of publisher, distributor, etc. Motilal banarsidass
Date of publication, distribution, etc. \N
300 ## - PHYSICAL DESCRIPTION
Extent 636p.
Holdings
Withdrawn status Lost status Source of classification or shelving scheme Damaged status Not for loan Collection code Home library Current library Shelving location Date acquired Total Checkouts Barcode Date last seen Price effective from Koha item type
    Dewey Decimal Classification     Encyclopedia SVYASA SVYASA REF 13B 06/23/2003   09027 11/09/2021 11/09/2021 Books
    Dewey Decimal Classification     Encyclopedia SVYASA SVYASA REF 12.1B 06/23/2003   09029 11/09/2021 11/09/2021 Books

Powered by Koha